| 000 | 01472cam a2200433Ia 4500 | ||
|---|---|---|---|
| 001 | 51118 | ||
| 005 | 20230410132604.0 | ||
| 008 | 040427r2004 enka j b 000 0 eng d | ||
| 035 | _a(OCoLC)ocm56092945 | ||
| 040 |
_aEQO _cEQO _dGK8 _dOCLCQ _dOCL _dOUN _dBAKER _dOCLCA _dUKM _dBTCTA _dYDXCP |
||
| 015 | _aGB A4-X5538 | ||
| 015 |
_aGBA613737 _2bnb |
||
| 016 | 7 |
_a012967111 _2Uk |
|
| 020 | _a0198321465 | ||
| 020 | _a9780198321460 | ||
| 029 | 1 |
_aYDXCP _b2131445 |
|
| 029 | 1 |
_aNZ1 _b8439892 |
|
| 035 | _a(OCoLC)56092945 | ||
| 050 | 1 | 4 |
_aPR 2823 _bS527m 2004 |
| 082 | 0 | 0 | _a822.33 |
| 049 | _aGRAL | ||
| 100 | 1 |
_aShakespeare, William, _d1564-1616. |
|
| 245 | 1 | 0 |
_aMacbeth / _cWilliam Shakespeare; edited by Roma Gill. |
| 260 |
_aOxford ; _aNew York : _bOxford University Press, _c2004. |
||
| 300 |
_axxviii, 127 p. : _bill. ; _c22 cm. |
||
| 440 | 0 | _aOxford school Shakespeare | |
| 500 | _aOriginally published: 1977. | ||
| 504 | _aIncludes bibliographical references (p. 125-127). | ||
| 600 | 0 | 0 |
_aMacbeth, _cKing of Scotland, _d11th cent. _vDrama. |
| 600 | 1 | 0 |
_aShakespeare, William, _d1564-1616. _tMacbeth. |
| 700 | 1 | _aGill, Roma. | |
| 800 | 1 |
_aShakespeare, William, _d1564-1616. _tPlays (Oxford University Press) |
|
| 938 |
_aBaker & Taylor _bBKTY _c8.95 _d6.71 _i0198321465 _n0006109985 _sactive |
||
| 938 |
_aBaker and Taylor _bBTCP _nbl2005025140 |
||
| 938 |
_aYBP Library Services _bYANK _n2131445 |
||
| 942 |
_2lcc _cbk |
||
| 946 | _amjcruz | ||
| 994 |
_aC0 _bDRFGD |
||
| 999 |
_c84214 _d84214 |
||